Does Slovakia need a new post-crisis model of socio-economic development?
Globálny kapitalizmus stratil svoju vitalitu a ustupuje zo svetovej scény. Súčasný svet má tendenciu permanentnej inovácie, diferenciácie a väčšej komplexnosti. Môže súčasná vývojová paradigma ekonomiky zastaviť súčasnú globálnu krízu? Teória anti-chaosu. Šoky z nerovnováhy súčasného účtu USA. Rieše...
Na minha lista:
| Outros Autores: | |
|---|---|
| Formato: | Capítulo de Livro |
| Idioma: | inglês |
| Assuntos: | |
| Tags: |
Sem tags, seja o primeiro a adicionar uma tag!
|
MARC
| LEADER | 00000naa$a2200000$$$4500 | ||
|---|---|---|---|
| 001 | 0120785 | ||
| 005 | 20240502072352.0 | ||
| 041 | 0 | |a eng | |
| 044 | |a SK | ||
| 245 | 1 | 0 | |a Does Slovakia need a new post-crisis model of socio-economic development? |c do angl. prel. Tatiana Laskovičová |
| 520 | |a Globálny kapitalizmus stratil svoju vitalitu a ustupuje zo svetovej scény. Súčasný svet má tendenciu permanentnej inovácie, diferenciácie a väčšej komplexnosti. Môže súčasná vývojová paradigma ekonomiky zastaviť súčasnú globálnu krízu? Teória anti-chaosu. Šoky z nerovnováhy súčasného účtu USA. Riešenia krízy. Postkrízový model. | ||
| 610 | 2 | 0 | |a kríza finančná |
| 610 | 2 | 0 | |a kríza hospodárska |
| 610 | 2 | 0 | |a vývoj hospodársky |
| 610 | 2 | 0 | |a vývoj sociálny |
| 610 | 2 | 0 | |a inovácia |
| 610 | 2 | 0 | |a modely |
| 610 | 2 | 0 | |a Slovensko |
| 700 | 1 | |a Laskovičová, Tatiana | |